Local development frameworks (Record no. 120639)

MARC details
000 -LEADER
fixed length control field 01200cai a22001935a 4500
001 - CONTROL NUMBER
control field L141747
008 - FIXED-LENGTH DATA ELEMENTS--GENERAL INFORMATION
fixed length control field 071217u xxk f f000 0 eng d
035 ## - SYSTEM CONTROL NUMBER
System control number (Sirsi) u141747
041 0# - LANGUAGE CODE
Language code of text/sound track or separate title eng
110 2# - MAIN ENTRY--CORPORATE NAME
Corporate name or jurisdiction name as entry element United Kingdom
Subordinate unit Planning Inspectorate
9 (RLIN) 2192
245 00 - TITLE STATEMENT
Title Local development frameworks
Remainder of title assessing the soundness of development plan documents and statements of community involvement
Medium [electronic resource]
520 ## - SUMMARY, ETC.
Summary, etc. Provides guidance to Planning Inspectors on assessing the soundness of Development Plan Documents (DPDs) and Statements of Community Involvement (SCIs). Gives an overview of the key elements of the examination process. Includes a Plain English guide on each DPDs and SCIs, providing downloadable model forms. Also provides guidance on the DPD submission aimed at local authorities.
590 ## - LOCAL NOTE (RLIN)
Local note KA
650 24 - SUBJECT ADDED ENTRY--TOPICAL TERM
Topical term or geographic name entry element PLANNING AND COMPULSORY PURCHASE ACT 2004 S39
651 #4 - SUBJECT ADDED ENTRY--GEOGRAPHIC NAME
Geographic name United Kingdom
Chronological subdivision
690 ## - LOCAL SUBJECT ADDED ENTRY--TOPICAL TERM (OCLC, RLIN)
Topical term or geographic name as entry element ENVIRONMENTAL AND LAND CONSULTANCY-PLANNING AND DEVELOPMENT-DEVELOPMENT CONTROL
856 40 - ELECTRONIC LOCATION AND ACCESS
Uniform Resource Identifier <a href="https://www.planning-inspectorate.gov.uk/pins/appeals/local_dev/Soundness_of_DPD.htm">https://www.planning-inspectorate.gov.uk/pins/appeals/local_dev/Soundness_of_DPD.htm</a>
Public note View the website free of charge at www.planning-inspectorate.gov.uk...
942 ## - ADDED ENTRY ELEMENTS (KOHA)
Suppress in OPAC 0
Holdings
Withdrawn status Lost status Source of classification or shelving scheme Damaged status Not for loan Home library Current library Shelving location Date acquired Total Checkouts Full call number Barcode Date last seen Copy number Price effective from Koha item type
    Dewey Decimal Classification     Virtual Virtual Online 17/12/2007   ONLINE PUBLICATION 141747-1001 06/08/2019 1 06/08/2019 Online material